Систематизация и систематический каталог : (Record no. 212479)
[ view plain ]
| 000 -LEADER | |
|---|---|
| fixed length control field | 01144nam a2200217 i 4500 |
| 001 - CONTROL NUMBER | |
| control field | 000621712 |
| 003 - CONTROL NUMBER IDENTIFIER | |
| control field | AM-YeHGA |
| 005 - DATE AND TIME OF LATEST TRANSACTION | |
| control field | 20250617140045.0 |
| 008 - FIXED-LENGTH DATA ELEMENTS--GENERAL INFORMATION | |
| fixed length control field | 081222s1987 ru r 000 0 rus d |
| 040 ## - CATALOGING SOURCE | |
| Original cataloging agency | AM-YeHGA |
| 041 0# - LANGUAGE CODE | |
| Language code of text/sound track or separate title | rus |
| 090 ## - LOCALLY ASSIGNED LC-TYPE CALL NUMBER (OCLC); LOCAL CALL NUMBER (RLIN) | |
| -- | 213992 |
| 245 00 - TITLE STATEMENT | |
| Title | Систематизация и систематический каталог : |
| Remainder of title | Сборник научных трудов / |
| Statement of responsibility, etc. | Гос. б-ка СССР им. В. И. Ленина, Отд. сист. и предм. каталогов; Редкол.: Э. Р. Сукиасян и др. |
| 260 ## - PUBLICATION, DISTRIBUTION, ETC. | |
| Place of publication, distribution, etc. | Москва : |
| Name of publisher, distributor, etc. | ГБЛ, |
| Date of publication, distribution, etc. | 1987. |
| 300 ## - PHYSICAL DESCRIPTION | |
| Extent | 140 с. ; |
| Dimensions | 22 см. |
| 504 ## - BIBLIOGRAPHY, ETC. NOTE | |
| Bibliography, etc. note | Библиогр.: с. 136-140. Библиогр. в конце ст. |
| 653 0# - INDEX TERM--UNCONTROLLED | |
| Uncontrolled term | Систематизация - Сборники |
| 653 0# - INDEX TERM--UNCONTROLLED | |
| Uncontrolled term | Систематический каталог - Сборники |
| 700 1# - ADDED ENTRY--PERSONAL NAME | |
| Personal name | Սուքիասյան, Էդուարդ Ռուբենի, |
| Dates associated with a name | 1937- |
| Relator term | ред. |
| Relationship | edt |
| 710 2# - ADDED ENTRY--CORPORATE NAME | |
| Corporate name or jurisdiction name as entry element | Государственная библиотека СССР им. В.И. Ленина. |
| Subordinate unit | Отдел систематических и предметных каталогоов |
| Withdrawn status | Lost status | Damaged status | Not for loan | Collection | Home library | Current library | Date acquired | Total checkouts | Full call number | Barcode | Date last seen | Price effective from | Koha item type | Public note |
|---|---|---|---|---|---|---|---|---|---|---|---|---|---|---|
| General | Fundamental Scientific Library | Fundamental Scientific Library | 29/12/2016 | PII/579278 | FL0092224 | 29/12/2016 | 29/12/2016 | Գրքեր / Books | 30 Days Loan | |||||
| General | Fundamental Scientific Library | Fundamental Scientific Library | 29/12/2016 | PII/580659 | FL0090799 | 29/12/2016 | 29/12/2016 | Գրքեր / Books | 30 Days Loan |
ՀՀ Գիտությունների ազգային ակադեմիայի հիմնարար գիտական գրադարան = Fundamental Scientific Library of NAS RA
All site content, except where otherwise noted, is licensed under a